Visualizzazione normale
Vista MARC
- CORTOMETRAGGIO
di Topical Term
Records bibliografici associati: 1
001 - CONTROL NUMBER
- control field: 48236
003 - CONTROL NUMBER IDENTIFIER
- control field: IT-RoPau
005 - DATE AND TIME OF LATEST TRANSACTION
- control field: 20151201122139.0
008 - FIXED-LENGTH DATA ELEMENTS
- fixed length control field: 151201|| aca||aabn | a|a d
040 ## - CATALOGING SOURCE
- Original cataloging agency: IT-RoPau
- Transcribing agency: IT-RoPau
150 ## - HEADING--TOPICAL TERM
- Topical term or geographic name entry element: CORTOMETRAGGIO
- : FILMS [VHS]
- General subdivision: Codice MATERIA SPICS: 9960
670 ## - SOURCE DATA FOUND
- Source citation: Work cat.: (IT-RoPau)106694: Clair Rene' Codice regista SPICS: 7985 37039, ENTR'ACTE ENTR'ACTE (Rif. Codice opera principale : 29036)